KOHA-Header-6

Bara Hoi Poskina Shaherey (Record no. 9778)

000 -LEADER
fixed length control field 00253nam a2200109Ia 4500
100 ## - MAIN ENTRY--AUTHOR NAME
Personal name Liaqat Sanni
245 #0 - TITLE STATEMENT
Title Bara Hoi Poskina Shaherey
260 ## - PUBLICATION, DISTRIBUTION, ETC. (IMPRINT)
Place of publication Islamabad
Name of publisher HEC
Year of publication 2002
300 ## - PHYSICAL DESCRIPTION
Number of Pages 726
942 ## - ADDED ENTRY ELEMENTS (KOHA)
Koha item type Books
Holdings
Withdrawn status Lost status Collection code Permanent Location Current Location Shelving location Date acquired Full call number Accession Number Koha item type
    Urdu Literature MAJU MAJU   2019-09-14 505.75 5730 Urdu Literature

Powered by Koha